000 00495nam a2200133 a 4500
008 120416s1961 ||||||||||||||||| || u
050 _aTH 7703 Moo
100 _aMoon, Parry
245 1 4 _aThe scientific basis of illuminating engineering
260 _aNew York
_bDover Publications
_c1961
300 _axxii, 608p. : ill.
350 _a0.00
995 _D0.00
_FCBU-MAIN LIBRARY (Kitwe)
_H1
_I1.60
_UAVAILABLE
_ZMain Library Open Access Collection
999 _c57132
_d57132